Language Quiz

Random Language Quiz

Parts of Speech Multiple Choice Quiz Stats

 Plays Quiz not verified by Sporcle

Challenge
Share
Tweet
Embed
Score 0/24 Timer 05:00
112 Plays Today
Question Answer Wrong Answers
They took the food and drinks inside the house. Conjunction
83.4%
Noun
1.8%
Verb
2.5%
Pronoun
3.6%
Ouch, that hurt! Stop pinching me! Interjection
81%
Conjunction
4.9%
Verb
2.4%
Adjective
3%
We saw a lion at the zoo during our trip. Noun
80.9%
Pronoun
3.8%
Adverb
3.9%
Conjunction
2.6%
She jogged up the street for a few miles. Verb
80.7%
Noun
3.4%
Pronoun
3.8%
Conjunction
3.3%
Shh! The show is about to start. Interjection
80.6%
Conjunction
4.5%
Adjective
2.4%
Preposition
3.6%
Mom picked up a dozen eggs at the store. Noun
80.4%
Pronoun
4.3%
Verb
4.4%
Conjunction
2%
Hurray! We successfully won this football match. Interjection
79.9%
Conjunction
4.7%
Preposition
3.3%
Verb
3.2%
The teacher handed back the tests today. Noun
79.7%
Pronoun
6.7%
Verb
3%
Adverb
2.4%
Sally gave her a present yesterday. Pronoun
79.2%
Noun
6.8%
Verb
2.8%
Interjection
2.6%
Please give them your full attention. Pronoun
77.3%
Noun
5.1%
Verb
3.3%
Adverb
5.3%
He found his shoes under the bed. Preposition
77.1%
Noun
2.8%
Adverb
7.9%
Verb
3.6%
We don't know if they are home yet. Pronoun
76.8%
Noun
5.4%
Adjective
3.8%
Conjunction
5.1%
The cat was hiding inside the box. Preposition
76.5%
Noun
4.2%
Pronoun
5.6%
Interjection
5%
There was a small, brown fox in the road. Adjective
75.6%
Adverb
6.9%
Conjunction
3.4%
Pronoun
4.9%
They scored many points but still lost the game Conjunction
75.3%
Preposition
7.9%
Interjection
4.6%
Adverb
3%
The brave soldier returned home. Adjective
74.6%
Adverb
9%
Pronoun
5.1%
Interjection
2.8%
The child was worried about his small hamster. Adjective
73.5%
Adverb
8.7%
Preposition
3.9%
Verb
4.9%
The dog chased away a cat from the yard. Verb
72.6%
Noun
3.1%
Adverb
8.3%
Adjective
6.9%
He whispered very quietly in the library. Adverb
69.9%
Verb
7.1%
Conjunction
6.5%
Preposition
8.1%
He stopped kicking the ball outside. Verb
68.6%
Adverb
9.7%
Noun
5.2%
Adjective
7.7%
We quickly cooked the meal last night. Adverb
66.7%
Adjective
13.2%
Conjunction
2.5%
Verb
9%
The students measured the volume of the chemicals accurately. Adverb
61.8%
Adjective
19.9%
Preposition
5.6%
Interjection
3.7%
During the storm, we stayed downstairs for safety. Preposition
45.6%
Conjunction
20.4%
Interjection
6.8%
Adverb
18.3%
When you're in London, write an e-mail to me. Conjunction
30.5%
Verb
5.1%
Preposition
34.3%
Adverb
21.6%

You're not logged in!

Compare scores with friends on all Sporcle quizzes.
Join for Free
OR
Log In

You Might Also Like...

Show Comments

Extras

Top Quizzes Today


Score Distribution

Your Account Isn't Verified!

In order to create a playlist on Sporcle, you need to verify the email address you used during registration. Go to your Sporcle Settings to finish the process.

Report this User

Report this user for behavior that violates our Community Guidelines.

Details: